01084nam a22002415i 450000100060000000300090000600500170001500700030003200800410003508000110007610000460008724501010013326000530023430000300028749000880031753000350040565000190044070000230045983000880048285200220057085601380059285601120073068454ES-MaACL20251012063044.0t|940301s1879 sp ||||1| spa d a341.441 aGarcía Santisteban, Rafael, d1829-189310aManual práctico de extradiciones / ccompilado y anotado por D. Rafael García y Santisteban. aMadrid : b[s.n.], c1879 (fTip. de G. Estrada) aXXVIII, 213 p. ; c17 cm.1 aBiblioteca enciclopédica popular ilustrada. Sección 3ª. Conocimientos útiles aDisponible en formato digital. 4aExtradición.1 aEstrada, Gregorio.1 aBiblioteca enciclopédica popular ilustrada. Sección 3ª. Conocimientos útiles aES-MaACLjF-13577 uhttp://bvrajyl.rajyl.es/i18n/consulta/registro.cmd?id=9957 zBiblioteca Virtual de la Real Academia de Jurisprudencia y Legislación uhttps://bibliotecadigital.jcyl.es/es/consulta/registro.do?id=23962zBiblioteca Digital de Castilla y León